00391nam a22001337a 4500020002600000035001300026037001800039082001200057100002300069245004600092260002700138270007100165300002100236 a9789332536029c449.00 aB-668127 bTechniz adpl a005.133 aCunningham, Katie  aSams teach yourself python in 24 hours /  c2014aNoida bPearson  a7th Floor, Knowledge Boulevard, A-8(A), Sector-62, bNoidae201309 c25cm(pbk)a302p.